<?xml version="1.0" encoding="UTF-8"?><?xml-stylesheet type="text/xsl" href="static/style.xsl"?><OAI-PMH xmlns="http://www.openarchives.org/OAI/2.0/" xmlns:xsi="http://www.w3.org/2001/XMLSchema-instance" xsi:schemaLocation="http://www.openarchives.org/OAI/2.0/ http://www.openarchives.org/OAI/2.0/OAI-PMH.xsd"><responseDate>2026-04-18T19:54:29Z</responseDate><request verb="GetRecord" identifier="oai:riubu.ubu.es:10259/6043" metadataPrefix="marc">https://riubu.ubu.es/oai/request</request><GetRecord><record><header><identifier>oai:riubu.ubu.es:10259/6043</identifier><datestamp>2021-11-02T12:24:00Z</datestamp><setSpec>com_10259.4_103</setSpec><setSpec>com_10259.4_1</setSpec><setSpec>com_10259_2604</setSpec><setSpec>col_10259_6036</setSpec></header><metadata><record xmlns="http://www.loc.gov/MARC21/slim" xmlns:doc="http://www.lyncode.com/xoai" xmlns:xsi="http://www.w3.org/2001/XMLSchema-instance" xmlns:dcterms="http://purl.org/dc/terms/" xsi:schemaLocation="http://www.loc.gov/MARC21/slim http://www.loc.gov/standards/marcxml/schema/MARC21slim.xsd">
<leader>00925njm 22002777a 4500</leader>
<datafield tag="042" ind1=" " ind2=" ">
<subfield code="a">dc</subfield>
</datafield>
<datafield tag="720" ind1=" " ind2=" ">
<subfield code="a">Castillo Iglesias, Belén</subfield>
<subfield code="e">author</subfield>
</datafield>
<datafield tag="260" ind1=" " ind2=" ">
<subfield code="c">2014</subfield>
</datafield>
<datafield tag="520" ind1=" " ind2=" ">
<subfield code="a">Procede del desaparecido convento franciscano de San&#xd;
Esteban de los Olmos de Villimar, localidad cercana a Burgos, donde&#xd;
la familia Manuel, Girón y Sarmiento fundó su panteón. El sepulcro&#xd;
es una obra de grandes dimensiones que sigue el típico modelo burgalés&#xd;
de sepulcro mural, o sepulcro retablo. Presenta una organización&#xd;
en tres cuerpos acogiendo el central el nicho funerario y las esculturas&#xd;
del matrimonio Sarmiento y Mendoza. El monumento destaca por&#xd;
su doble temática decorativa religiosa y profana, esta última inspirada&#xd;
en los temas funerarios del mundo clásico y medieval del thiasos&#xd;
marino, el cortejo de Dionisos y la psicomaquia. El sepulcro está fechado en 1548 y se atribuye a Juan de Vallejo, si bien las diferentes calidades de su factura nos indican que estamos ante una obra de su&#xd;
taller en la que al menos se diferencia el trabajo de dos escultores.</subfield>
</datafield>
<datafield tag="520" ind1=" " ind2=" ">
<subfield code="a">The tomb comes to the missing Franciscan’s convent of&#xd;
San Esteban de los Olmos of Villimar, near Burgos, where the family&#xd;
Manuel, Girón and Sarmiento had established his pantheon. This monumental tomb exhibits the model of mural tomb typically of Burgos,&#xd;
also called sepulcher altarpiece. It presents three bodies, the central&#xd;
has the funerary niche with the sculptures of marriage Sarmiento–Mendoza. The monument knows for these decorative motifs religious&#xd;
and profane, the latter inspired by the funeral themes of classical and medieval world of thiasos marine, procession of Dionysus&#xd;
and psicomaquia. The tomb is dated 1548 and attributed to Juan de&#xd;
Vallejo, although the different qualities of the reliefs indicate us that&#xd;
this is a work of his workshop in which at least two different sculptors&#xd;
worked.</subfield>
</datafield>
<datafield tag="024" ind2=" " ind1="8">
<subfield code="a">0211-8998</subfield>
</datafield>
<datafield tag="024" ind2=" " ind1="8">
<subfield code="a">http://hdl.handle.net/10259/6043</subfield>
</datafield>
<datafield ind1=" " ind2=" " tag="653">
<subfield code="a">Sarmiento</subfield>
</datafield>
<datafield ind1=" " ind2=" " tag="653">
<subfield code="a">Sepulcro</subfield>
</datafield>
<datafield ind1=" " ind2=" " tag="653">
<subfield code="a">S. XVI (1548)</subfield>
</datafield>
<datafield ind1=" " ind2=" " tag="653">
<subfield code="a">Escultura</subfield>
</datafield>
<datafield ind1=" " ind2=" " tag="653">
<subfield code="a">Iconografía</subfield>
</datafield>
<datafield ind1=" " ind2=" " tag="653">
<subfield code="a">Thiasos marino</subfield>
</datafield>
<datafield ind1=" " ind2=" " tag="653">
<subfield code="a">Cortejo de Dionisos</subfield>
</datafield>
<datafield ind1=" " ind2=" " tag="653">
<subfield code="a">Psicomaquia</subfield>
</datafield>
<datafield ind1=" " ind2=" " tag="653">
<subfield code="a">Juan de Vallejo</subfield>
</datafield>
<datafield ind1=" " ind2=" " tag="653">
<subfield code="a">Tomb</subfield>
</datafield>
<datafield ind1=" " ind2=" " tag="653">
<subfield code="a">Sculpture</subfield>
</datafield>
<datafield ind1=" " ind2=" " tag="653">
<subfield code="a">Thiasos marine</subfield>
</datafield>
<datafield ind1=" " ind2=" " tag="653">
<subfield code="a">Iconography</subfield>
</datafield>
<datafield ind1=" " ind2=" " tag="653">
<subfield code="a">Procession of Dionysus</subfield>
</datafield>
<datafield tag="245" ind1="0" ind2="0">
<subfield code="a">El sepulcro de Antonio Sarmiento: estudio iconográfico</subfield>
</datafield>
</record></metadata></record></GetRecord></OAI-PMH>